000 00251nam a2200097Ia 4500
008 190216s9999||||xx |||||||||||||| ||und||
100 _aIdasseri Sashtipoorthi Upaharasamithi
245 0 _aMalayalam-Itha Oru Kavi
260 _bCurrent Books
942 _cBK
999 _c30273
_d30273